El sistema matricial en el CONICIT

Gespeichert in:
Bibliographische Detailangaben
1. Verfasser: Solorzano Rojas, Jose Marti
Körperschaft: Consejo Nacional para Investigaciones Científicas y Tecnológicas (Costa Rica)
Format: Buch
Sprache:Spanish
Veröffentlicht: [Lugar de publicación no identificado] : [editor no identificado] [198?]
Schlagworte:
Tags: Tag hinzufügen
Keine Tags, Fügen Sie den ersten Tag hinzu!

MARC

LEADER 00000nam a2200000Ia 4500
003 000486
005 20221231143953.0
008 140114s198? cr a 000 ||spa d
020 |a 9977955026 
040 |c cru CEDI 
082 |a  350.972.86 S688s 
100 |a Solorzano Rojas, Jose Marti  |9 20608 
245 |a El sistema matricial en el CONICIT  
260 |a  [Lugar de publicación no identificado] : [editor no identificado]  |c  [198?] 
300 |a 101 páginas ; 22 cm 
650 |x ADMINISTRACION PUBLICA   |9 20609 
710 |a Consejo Nacional para Investigaciones Científicas y Tecnológicas (Costa Rica)  |9 20605 
942 |2 ddc 
999 |c 14983  |d 14983